SAT Words Click Quiz - Q - Statistics

General Stats
  • This quiz has been taken 697 times
  • The average score is 11 of 15
Answer Stats
Hint Answer % Correct
Witty or clever remark Quip
88%
Soft, wet, boggy land Quagmire
84%
Shake or tremble slightly Quaver
84%
Exemplary; archetypal Quintessential
82%
Peculiarity; idiosyncrasy Quirk
81%
Suppress; put down Quell
80%
Absolution of debt Quittance
79%
Drink deeply or heartily Quaff
74%
Minor objection Quibble
74%
State of uncertainty Quandary
68%
Inclined to complain; fretful Querulous
68%
Idealistic but unrealistic Quixotic
68%
Pleasingly odd Quaint
67%
Everyday or commonplace Quotidian
53%
Shrink with timidity; falter Quail
49%
No matching quizzes found
Score Distribution
Percent of People with Each Score
Percentile by Number Answered
Your Score History
You have not taken this quiz